Krátké hry pro dlouhé chvíle / Nanon Gardinová ; [z francouzštiny přeložila Hana Prousková] ; ilustrace Elena Golovinová
Record details
- ISBN: 80-7178-104-5
- Physical Description: 143 s. : il. ; 21 cm
- Edition: 1. vyd.
- Publisher: Praha : Portál, 1996
Content descriptions
| General Note: | Podnázev na obálce: zábavné činnosti pro děti od 2 do 10 let |
| Bibliography, etc. Note: | Věcný rejstřík |
Search for related items by subject
| Subject: | děti školního věku výchova dítěte hry děti předškolního věku |
| Genre: | příručky |
Search for related items by series
Available copies
- 2 of 2 copies available at Common Catalog SPOK.
Holds
- 0 current holds with 2 total copies.
Show Only Available Copies
| Location | Call Number / Copy Notes | Barcode | Shelving Location | Status | Due Date |
|---|---|---|---|---|---|
| Jabok Library | Ped-9.3.1 | 424480003047 | Odborná literatura | Available | - |
| Jabok Library | Ped-9.3.1 | 424480036991 | Odborná literatura | Available | - |
| LDR | 01522nam a2200445 a 4500 | ||
|---|---|---|---|
| 001 | 5811 | ||
| 003 | CZ-PrJAB | ||
| 005 | 20160527090317.0 | ||
| 007 | tu | ||
| 008 | 961016s1996 xr a e 001 0 cze | ||
| 015 | . | ‡acnb000168448 | |
| 020 | . | ‡a80-7178-104-5 ‡q(brož.) : ‡cKč 109,00 | |
| 035 | . | ‡a(CZ PrNK)cpk19960168448 | |
| 035 | . | ‡a(OCoLC)37253248 | |
| 040 | . | ‡aABA001 ‡bcze | |
| 041 | 1 | . | ‡acze ‡hfre |
| 072 | 7. | ‡a37 ‡xVýchova a vzdělávání ‡2Konspekt ‡922 | |
| 080 | . | ‡a794 ‡2undef | |
| 080 | . | ‡a37.03 ‡2undef | |
| 080 | . | ‡a373.2 ‡2undef | |
| 080 | . | ‡a793 ‡2undef | |
| 100 | 1 | . | ‡aGardin, Nanon ‡7jx20090901024 ‡4aut |
| 240 | 1 | 0. | ‡a150 activités pour les faire patienter. ‡lČesky |
| 245 | 1 | 0. | ‡aKrátké hry pro dlouhé chvíle / ‡cNanon Gardinová ; [z francouzštiny přeložila Hana Prousková] ; ilustrace Elena Golovinová |
| 250 | . | ‡a1. vyd. | |
| 260 | . | ‡aPraha : ‡bPortál, ‡c1996 | |
| 300 | . | ‡a143 s. : ‡bil. ; ‡c21 cm | |
| 490 | 1 | . | ‡aNápady - hry - tvořivost |
| 500 | . | ‡aPodnázev na obálce: zábavné činnosti pro děti od 2 do 10 let | |
| 504 | . | ‡aVěcný rejstřík | |
| 650 | 0 | 7. | ‡aděti školního věku ‡7ph119714 ‡2czenas |
| 650 | 0 | 7. | ‡avýchova dítěte ‡7ph127420 ‡2czenas |
| 650 | 0 | 7. | ‡ahry ‡7ph114716 ‡2czenas |
| 650 | 0 | 7. | ‡aděti předškolního věku ‡7ph119710 ‡2czenas |
| 655 | 7. | ‡apříručky ‡7fd133209 ‡2czenas | |
| 700 | 1 | . | ‡aGolovin, Elena ‡4ill |
| 700 | 1 | . | ‡aProusková, Hana ‡7jn20010309103 ‡4trl |
| 830 | 0. | ‡aNápady - hry - tvořivost | |
| 910 | . | ‡aABG312 | |
| 901 | . | ‡a5811 ‡bUnknown ‡c5811 ‡tbiblio | |